[Event "VII TCh-RUS w"]
[Site "Sochi RUS"]
[Date "2006.04.20"]
[Round "1"]
[White "Semenova,Ir"]
[Black "Bronnikova,E"]
[Result "1-0"]
[WhiteElo "2240"]
[BlackElo "2271"]
[EventDate "2006.04.20"]

1. e4 d6 2. d4 Nf6 3. Nc3 g6 4. f4 Bg7 5. Nf3 c5 6. dxc5 Qa5 7. Bd3 Qxc5 8.
Qe2 Nc6 9. a3 Bg4 10. Be3 Qa5 11. O-O O-O 12. h3 Bxf3 13. Qxf3 Nd7 14. Rab1
Rac8 15. Ne2 Qc7 16. Qf2 Na5 17. Kh1 a6 18. b3 b5 19. Qh4 Nc6 20. c4 b4 21.
a4 Nc5 22. Bc2 Qb7 23. e5 f5 24. exf6 Bxf6 25. Qg4 Bg7 26. h4 Qd7 27. Qg3
e6 28. Rbd1 Qe7 29. Qh3 e5 30. f5 gxf5 31. Bxf5 Rxf5 32. Rxf5 Ne6 33. Rdf1
Rf8 34. Rxf8+ Nxf8 35. Bg5 Qc7 36. Ng3 Nd4 37. Nf5 Nxf5 38. Qxf5 h6 39. Bf6
Qd7 40. Bxg7 Qxg7 41. Rf3 Qe7 42. Kg1 Ne6 43. Rg3+ Ng7 44. Qg6 Qa7+ 45. Kh2
1-0

[Event "VII TCh-RUS w"]
[Site "Sochi RUS"]
[Date "2006.04.20"]
[Round "1"]
[White "Malashenko,A"]
[Black "Bannikova,A"]
[Result "0-1"]
[WhiteElo "2149"]
[BlackElo "2157"]
[EventDate "2006.04.20"]

1. e4 c5 2. Nf3 Nc6 3. c4 e5 4. Be2 d6 5. d3 Be7 6. Nc3 Nf6 7. h3 O-O 8.
Be3 Ne8 9. g4 Nc7 10. Qd2 a6 11. O-O-O b5 12. Rdg1 Ne6 13. Nd5 Ned4 14. g5
Be6 15. Bxd4 cxd4 16. Ne1 Rb8 17. h4 bxc4 18. dxc4 d3 19. Nxd3 Nd4 20. Bg4
Qd7 21. Bd1 Kh8 22. f4 Rfc8 23. b3 Bxd5 24. exd5 Qb7 25. Qc3 Qxd5 26. cxd5
Rxc3+ 27. Kd2 Rbc8 28. fxe5 dxe5 29. Nxe5 Bb4 30. Nd3 Ba3 31. Rg4 Nb5 32.
Re1 g6 33. Ree4 Nd6 34. Ra4 Bc1+ 35. Nxc1 Rxc1 36. Rxa6 Nf5 37. Raa4 R1c5
38. Rac4 Rxd5+ 39. Ke2 Re8+ 40. Rge4 Ng3+ 0-1

[Event "VII TCh-RUS w"]
[Site "Sochi RUS"]
[Date "2006.04.20"]
[Round "1"]
[White "Deriabina,S"]
[Black "Zemlianukhina,V"]
[Result "1-0"]
[WhiteElo "2101"]
[BlackElo "2063"]
[EventDate "2006.04.20"]

1. d4 Nf6 2. c4 e6 3. Nc3 Bb4 4. e3 b6 5. Bd3 Bb7 6. Nf3 O-O 7. O-O Bxc3 8.
bxc3 Ne4 9. Qc2 f5 10. Nd2 Nxd2 11. Bxd2 Qh4 12. f3 Nc6 13. e4 f4 14. e5 d6
15. exd6 cxd6 16. d5 Ne5 17. dxe6 Rae8 18. Be4 Bxe4 19. Qxe4 Rxe6 20. Qd5
Rfe8 21. Rae1 Kh8 22. Re4 g5 23. Be1 Qh6 24. Bf2 Qf6 25. Bd4 h6 26. a4 Kh7
27. a5 bxa5 28. Rb1 R6e7 29. c5 dxc5 30. Bxc5 Rd7 31. Rb7 Rxb7 32. Qxb7+
Qg7 33. Qb5 Qf7 34. Bd4 Nd7 35. Qxa5 Rxe4 36. fxe4 Qb3 37. Qf5+ Kg8 38.
Qg6+ Kf8 39. Qxh6+ Ke8 40. Qg6+ Kd8 41. Qxg5+ Kc8 42. Qxf4 a5 43. e5 a4 44.
Qe4 1-0

[Event "VII TCh-RUS w"]
[Site "Sochi RUS"]
[Date "2006.04.20"]
[Round "1"]
[White "Cmilyte,V"]
[Black "Solovjova,V"]
[Result "1-0"]
[WhiteElo "2470"]
[BlackElo "2265"]
[EventDate "2006.04.20"]

1. d4 d5 2. c4 c6 3. Nc3 Nf6 4. Nf3 e6 5. Bg5 dxc4 6. a4 Bb4 7. e4 Qa5 8.
Bd2 O-O 9. e5 Nd5 10. Qc2 b5 11. Ng5 f5 12. exf6 Nxf6 13. Be2 h6 14. Nf3
Qc7 15. O-O a5 16. axb5 c5 17. Bxc4 cxd4 18. Ne2 Bd6 19. Nexd4 Nd5 20. Rfe1
Qf7 21. Qe4 Nb6 22. Bxe6 Bxe6 23. Qxe6 Bc5 24. Qxf7+ Rxf7 25. Re8+ Rf8 26.
Rxf8+ Bxf8 27. Rxa5 Rxa5 28. Bxa5 Nc4 29. Bc7 Nd7 30. b3 Ncb6 31. Ne5 Bc5
32. Ne6 Bb4 33. Nxd7 Nxd7 34. b6 1-0

[Event "VII TCh-RUS w"]
[Site "Sochi RUS"]
[Date "2006.04.20"]
[Round "1"]
[White "Bystryakova,E"]
[Black "Turova,I"]
[Result "0-1"]
[WhiteElo "2191"]
[BlackElo "2362"]
[EventDate "2006.04.20"]

1. d4 Nf6 2. Nf3 e6 3. g3 b5 4. Bg2 d5 5. O-O Bb7 6. Qd3 a6 7. Bg5 c5 8. c3
Nc6 9. Nbd2 c4 10. Qc2 Be7 11. Bxf6 Bxf6 12. e4 dxe4 13. Nxe4 Be7 14. Ne5
Qc7 15. f4 O-O 16. Rae1 Rab8 17. Re3 a5 18. Qe2 Nd8 19. Qh5 f6 20. Nf3 b4
21. f5 bxc3 22. bxc3 e5 23. Kh1 Nf7 24. g4 h6 25. h4 Bxe4 26. Rxe4 exd4 27.
Nxd4 Rb2 28. Rxe7 Qxe7 29. Ne6 Rfb8 30. Bd5 Kh8 31. g5 Qd6 32. Nf4 Rb1 33.
Rxb1 Rxb1+ 34. Kg2 Qxf4 35. Qe2 Ne5 0-1

[Event "VII TCh-RUS w"]
[Site "Sochi RUS"]
[Date "2006.04.20"]
[Round "1"]
[White "Shadrina,T"]
[Black "Skripchenko,A"]
[Result "1/2-1/2"]
[WhiteElo "2371"]
[BlackElo "2423"]
[EventDate "2006.04.20"]

1. e4 g6 2. h4 d5 3. exd5 Nf6 4. Nc3 Nxd5 5. Bc4 c6 6. Qf3 Be6 7. Nh3 h6 8.
b3 Bg7 9. Bb2 Nd7 10. d4 N7f6 11. Nxd5 Bxd5 12. Bxd5 cxd5 13. O-O O-O 14.
c4 e6 15. Nf4 Rc8 16. Rac1 Ne4 17. Rfe1 Qxh4 18. cxd5 Ng5 19. Qe3 Rxc1 20.
Rxc1 exd5 21. Rc7 Rb8 22. Nxg6 Qg4 23. Ne7+ Kh8 24. Nxd5 Qd1+ 25. Kh2 Qh5+
26. Kg1 Qd1+ 27. Kh2 Qh5+ 28. Kg1 Qd1+ 1/2-1/2

[Event "VII TCh-RUS w"]
[Site "Sochi RUS"]
[Date "2006.04.20"]
[Round "1"]
[White "Shaidullina,S"]
[Black "Nikolaeva,A2"]
[Result "1-0"]
[WhiteElo "2293"]
[BlackElo "2020"]
[EventDate "2006.04.20"]

1. d4 d5 2. Nf3 Nf6 3. c4 dxc4 4. e3 Bg4 5. Bxc4 e6 6. Nbd2 a6 7. O-O Nc6
8. h3 Bh5 9. Qb3 Rb8 10. a3 Be7 11. Qc2 Bg6 12. Qd1 h6 13. b4 O-O 14. Bb2
Re8 15. Rc1 Bd6 16. Ne5 Bxe5 17. dxe5 Ne4 18. Nb3 Qg5 19. Qg4 Red8 20. Qxg5
hxg5 21. Rfd1 Rxd1+ 22. Rxd1 Rd8 23. Rxd8+ Nxd8 24. g4 b5 25. Bf1 Nb7 26.
f3 Ng3 27. Bg2 Ne2+ 28. Kf2 Bc2 29. Nd2 Nf4 30. exf4 gxf4 31. Bd4 1-0

[Event "VII TCh-RUS w"]
[Site "Sochi RUS"]
[Date "2006.04.20"]
[Round "1"]
[White "Vasilevich,I"]
[Black "Ovod,E"]
[Result "1/2-1/2"]
[WhiteElo "2345"]
[BlackElo "2395"]
[EventDate "2006.04.20"]

1. c4 e6 2. g3 d5 3. Bg2 Nf6 4. Nf3 Be7 5. O-O O-O 6. b3 c5 7. Bb2 Nc6 8.
cxd5 Nxd5 9. d4 b6 10. Nc3 Nxc3 11. Bxc3 Bb7 12. Ne5 Rc8 13. dxc5 Nxe5 14.
Bxb7 Rxc5 15. Bd4 Rc7 16. Be4 Rd7 17. e3 f5 18. Bg2 Bf6 19. Qe2 Qe7 20. Qb5
Ng4 21. Bxf6 Nxf6 22. Rfd1 Rfd8 23. Rxd7 Rxd7 24. Rc1 Kf7 25. Bf3 g6 26.
Kg2 e5 27. Rc6 Kg7 28. Qc4 e4 29. Be2 Qe5 30. Qa4 Qb2 31. Rxf6 Kxf6 32.
Qxd7 Qxe2 33. Qd8+ Ke6 34. Qg8+ Kd6 35. Qxh7 Qf3+ 36. Kg1 Qd1+ 37. Kg2 Qf3+
38. Kg1 1/2-1/2

[Event "VII TCh-RUS w"]
[Site "Sochi RUS"]
[Date "2006.04.20"]
[Round "1"]
[White "Molchanova,T"]
[Black "Mongontuul,B"]
[Result "1/2-1/2"]
[WhiteElo "2312"]
[BlackElo "2378"]
[EventDate "2006.04.20"]

1. d4 Nf6 2. c4 g6 3. Nc3 Bg7 4. e4 d6 5. Nf3 O-O 6. Be2 c5 7. O-O Na6 8.
Rb1 cxd4 9. Nxd4 Nc5 10. f3 a5 11. b3 b6 12. a3 Re8 13. Be3 Bb7 14. b4 axb4
15. axb4 Ne6 16. Ndb5 Nd7 17. f4 Nc7 18. Qd3 Nxb5 19. Nxb5 Ba6 20. Bf3 Rc8
21. Rbc1 Bxb5 22. cxb5 Rc7 23. Rxc7 Qxc7 24. Rc1 Qa7 25. e5 Nf8 26. Bc6 Rd8
27. Qd2 Ne6 28. Qf2 dxe5 29. Bxb6 Qa3 30. Qe1 Rb8 31. Ra1 Qb2 32. Rb1 Qa2
33. Ra1 Qb2 34. Rb1 Qa2 35. Ra1 Qb2 36. Rb1 1/2-1/2

[Event "VII TCh-RUS w"]
[Site "Sochi RUS"]
[Date "2006.04.20"]
[Round "1"]
[White "Stepovaia Dianchenko,T"]
[Black "Kovalevskaya,E"]
[Result "1/2-1/2"]
[WhiteElo "2343"]
[BlackElo "2460"]
[EventDate "2006.04.20"]

1. e4 c5 2. Nf3 e6 3. c3 d5 4. exd5 exd5 5. d4 Nf6 6. Bg5 Be7 7. dxc5 Ne4
8. Bxe7 Qxe7 9. Be2 Qxc5 10. Qd4 O-O 11. Nbd2 Nc6 12. Qxc5 Nxc5 13. Nb3
Nxb3 14. axb3 Bg4 15. O-O-O Rfd8 16. Rhe1 a5 17. Nd4 Bxe2 18. Rxe2 a4 19.
bxa4 Rxa4 20. Nb3 Kf8 21. Red2 Na5 22. Nxa5 Rxa5 23. Kc2 Ke7 24. Rd4 Rd6
25. Rb4 b6 26. Rh4 h6 27. Rhd4 Kd7 28. h4 Kc6 29. Re1 Ra7 30. g4 Re6 31.
Rxe6+ fxe6 32. f4 Ra1 33. Rd1 Ra4 34. Rd4 Ra1 35. Rd1 Ra4 1/2-1/2

[Event "VII TCh-RUS w"]
[Site "Sochi RUS"]
[Date "2006.04.20"]
[Round "1"]
[White "Movsisian,N"]
[Black "Kochetkova,J"]
[Result "0-1"]
[WhiteElo "2291"]
[BlackElo "2366"]
[EventDate "2006.04.20"]

1. e4 c5 2. Nc3 Nc6 3. g3 g6 4. Bg2 Bg7 5. d3 d6 6. f4 Nf6 7. Nf3 e5 8. O-O
O-O 9. Kh1 Be6 10. Be3 Qd7 11. Ng5 Bg4 12. Qd2 Nh5 13. Rae1 Rae8 14. Nd5 f5
15. exf5 Bxf5 16. c3 exf4 17. Nxf4 Nf6 18. Nf3 Ne5 19. Nh4 Bg4 20. Nd5 Nxd5
21. Bxd5+ Be6 22. Bg2 Bh3 23. Bd5+ Be6 24. Bg2 Qb5 25. Rxf8+ Rxf8 26. Bf4
Bf7 27. Rd1 Re8 28. Nf3 Nxf3 29. Bxf3 d5 30. Qg2 Qd7 31. Rf1 Qf5 32. Bd6 b6
33. c4 dxc4 34. Bc6 Qxd3 35. Bxe8 Bxe8 36. Re1 Qxd6 37. Rxe8+ Kf7 38. Re1
h6 39. Qa8 Qd7 40. Rf1+ Bf6 41. Qf3 Qe7 42. h3 Kg7 43. Rf2 b5 44. Kh2 b4
45. Re2 Qd7 46. Rf2 Qf7 47. Qc6 Qe7 48. Rd2 Bd4 49. Qf3 a5 50. Re2 Qd7 51.
Qa8 a4 52. Re8 c3 53. bxc3 Bxc3 54. Rb8 Qd2+ 55. Kh1 Qc1+ 56. Kh2 Qb2+ 57.
Kh1 Qb1+ 58. Kh2 Qxa2+ 59. Kh1 Kh7 60. Qa7+ Bg7 61. Qxc5 a3 62. Qxb4 Qd5+
0-1

[Event "VII TCh-RUS w"]
[Site "Sochi RUS"]
[Date "2006.04.21"]
[Round "2"]
[White "Kovanova,B"]
[Black "Malashenko,A"]
[Result "1-0"]
[WhiteElo "2307"]
[BlackElo "2149"]
[EventDate "2006.04.20"]

1. e4 d6 2. d4 Nf6 3. Nc3 g6 4. Be3 c6 5. Qd2 Ng4 6. Bg5 h6 7. Bh4 Bg7 8.
h3 Nf6 9. f4 b5 10. Bd3 O-O 11. O-O-O b4 12. Nce2 Qa5 13. Kb1 Be6 14. Nc1
Qb6 15. Nf3 a5 16. g4 a4 17. f5 Bd7 18. g5 hxg5 19. Qxg5 d5 20. fxg6 fxg6
21. Qxg6 Be8 22. Qg2 Nh5 23. Rhg1 Rxf3 24. Qxf3 Qxd4 25. Rxg7+ Nxg7 26.
Bxe7 Nd7 27. exd5 Qe5 28. Qe4 cxd5 29. Qh7+ Kf7 30. Bxb4 Rb8 31. Rf1+ Nf6
32. a3 Rb7 33. Qg6+ Ke6 34. Qh6 1-0

[Event "VII TCh-RUS w"]
[Site "Sochi RUS"]
[Date "2006.04.21"]
[Round "2"]
[White "Andreeva,A"]
[Black "Komiagina,M"]
[Result "0-1"]
[WhiteElo "2028"]
[BlackElo "2341"]
[EventDate "2006.04.20"]

1. d4 Nf6 2. c4 g6 3. Nc3 Bg7 4. e4 d6 5. h3 O-O 6. Bg5 Na6 7. Bd3 e5 8. d5
Qe8 9. Nge2 Kh8 10. Qd2 Ng8 11. O-O f5 12. f4 Nc5 13. Bc2 Nxe4 14. Nxe4
fxe4 15. fxe5 Rxf1+ 16. Rxf1 Qxe5 17. Nc3 Bf5 18. Re1 Re8 19. Qe3 Qd4 20.
Qxd4 Bxd4+ 21. Be3 Bxc3 22. bxc3 h5 23. c5 dxc5 24. Bxc5 Kh7 25. g4 hxg4
26. hxg4 Bxg4 27. Rxe4 Rxe4 28. Bxe4 Nf6 29. Bg2 b6 30. Be7 Ne8 31. c4 Kg7
32. Kf2 Kf7 33. Bd8 Bf5 34. Ke3 Bb1 35. a3 Nd6 36. Kd4 Ke8 37. Bxc7 Nf5+
38. Kc3 Ne3 39. Bh3 b5 40. d6 Bf5 41. Bxf5 gxf5 42. Kd4 Nxc4 43. a4 Kd7 44.
axb5 Nxd6 45. b6 Nb5+ 46. Ke5 a5 47. Bb8 Kc8 0-1

[Event "VII TCh-RUS w"]
[Site "Sochi RUS"]
[Date "2006.04.21"]
[Round "2"]
[White "Bronnikova,E"]
[Black "Shadrina,T"]
[Result "0-1"]
[WhiteElo "2271"]
[BlackElo "2371"]
[EventDate "2006.04.20"]

1. e4 c5 2. Nf3 e6 3. d4 cxd4 4. Nxd4 Nf6 5. Nc3 d6 6. Be2 a6 7. a4 Be7 8.
O-O Nc6 9. Be3 O-O 10. f4 Bd7 11. Nb3 b6 12. Bf3 Qc7 13. g4 Bc8 14. g5 Nd7
15. Bg2 Bb7 16. Qh5 g6 17. Qh4 Rfe8 18. Rf3 Nb4 19. Rh3 h5 20. Qf2 Bf8 21.
Rf1 Bg7 22. f5 exf5 23. exf5 Bxg2 24. Qxg2 Ne5 25. f6 Bf8 26. Rd1 Rac8 27.
Nd4 Ng4 28. Bf4 Qc5 29. Kh1 Nc6 30. Rhd3 Nce5 31. Rg3 Nc4 32. b4 Qxb4 33.
Nd5 Re1+ 0-1

[Event "VII TCh-RUS w"]
[Site "Sochi RUS"]
[Date "2006.04.21"]
[Round "2"]
[White "Kharashuta,E"]
[Black "Severiukhina,Z"]
[Result "1/2-1/2"]
[WhiteElo "2171"]
[BlackElo "2189"]
[EventDate "2006.04.20"]

1. Nf3 Nf6 2. g3 b5 3. Bg2 Bb7 4. b3 e6 5. c4 a6 6. O-O Be7 7. Bb2 O-O 8.
Qc2 h6 9. Rc1 c5 10. Nc3 b4 11. Na4 d6 12. d4 Nbd7 13. Rd1 Qc7 14. Rac1 Be4
15. Qd2 Nb6 16. dxc5 dxc5 17. Be5 Qc6 18. Nxb6 Qxb6 19. Qf4 Qb7 20. Bd6
Rfd8 21. Bxe7 Qxe7 22. Ne5 Bxg2 23. Kxg2 a5 24. Qf3 Qc7 25. Nd3 a4 26. Nb2
axb3 27. axb3 Ra2 28. Na4 Rxd1 29. Rxd1 Qe5 30. Rd8+ Kh7 31. Qd3+ Qe4+ 32.
Qf3 Qe5 33. Rc8 Ne4 34. Qe3 Qd4 35. Rc7 Qxe3 36. fxe3 Kg6 37. h4 f5 38. Kf3
Nd2+ 39. Kf2 Ne4+ 40. Kf3 Nd2+ 41. Kf2 Nxb3 42. Nxc5 Nxc5 1/2-1/2

[Event "VII TCh-RUS w"]
[Site "Sochi RUS"]
[Date "2006.04.21"]
[Round "2"]
[White "Nikolaeva,A2"]
[Black "Deriabina,S"]
[Result "0-1"]
[WhiteElo "2020"]
[BlackElo "2101"]
[EventDate "2006.04.20"]

1. e4 c5 2. Nc3 Nc6 3. g3 g6 4. Bg2 Bg7 5. d3 d6 6. Be3 e6 7. Qd2 Rb8 8.
Nf3 Nd4 9. Bxd4 cxd4 10. Nb5 e5 11. Qb4 Bf8 12. Qc4 Be6 13. Nc7+ Ke7 14.
Nxe6 fxe6 15. Ng5 Qc8 16. Bh3 Qxc4 17. dxc4 Nf6 18. f3 b5 19. cxb5 Rxb5 20.
Rb1 d5 21. Bg2 Bh6 22. Nh3 Rc8 23. Bf1 Ra5 24. Bd3 dxe4 25. fxe4 Ng4 26.
O-O Ne3 27. Rf2 Rxa2 28. Re2 Rb8 29. b3 a5 30. Nf2 a4 31. Nd1 Nxd1 32. Rxd1
axb3 33. cxb3 Rxe2 34. Bxe2 Rxb3 35. Rd3 Rb2 36. Kf1 Be3 37. Rd1 h6 38. h3
Rb8 39. Kg2 Kd6 40. Ra1 Rb2 41. Kf3 h5 42. Ra6+ Ke7 43. Ra7+ Kf6 44. Ra8
Rb3 45. g4 Bf4+ 46. Kf2 Rxh3 47. gxh5 gxh5 48. Rh8 h4 49. Rf8+ Ke7 50. Rh8
Rh2+ 51. Kf3 Bg3 52. Bd3 Rd2 53. Bb1 Rf2+ 54. Kg4 Rf4+ 55. Kh3 Rf3 56. Kg2
Rb3 0-1

[Event "VII TCh-RUS w"]
[Site "Sochi RUS"]
[Date "2006.04.21"]
[Round "2"]
[White "Kursova,M"]
[Black "Meleshko,Ann"]
[Result "0-1"]
[WhiteElo "2333"]
[BlackElo "2227"]
[EventDate "2006.04.20"]

1. d4 Nf6 2. Nf3 g6 3. c4 Bg7 4. g3 O-O 5. Bg2 d5 6. cxd5 Nxd5 7. O-O c6 8.
e4 Nb6 9. h3 N8d7 10. Nc3 e5 11. Bg5 f6 12. Be3 Qe7 13. b3 exd4 14. Nxd4
Rd8 15. Qc2 Nf8 16. Rae1 Be6 17. f4 Bf7 18. Bf2 Qc7 19. Nf3 Ne6 20. a4 Rac8
21. a5 Nd7 22. b4 b6 23. a6 Qb8 24. Qe2 b5 25. Ra1 Nb6 26. Rfc1 Bf8 27.
Rcb1 Nc4 28. h4 Rc7 29. f5 Ng7 30. Nd4 Ne5 31. Bf1 Rcd7 32. Rd1 Bxb4 33.
Qb2 Bc5 34. Nce2 Qb6 35. Kh1 gxf5 36. exf5 Nxf5 37. Nxf5 Rxd1 38. Nh6+ Kg7
39. Bxc5 Qxc5 40. Nxf7 0-1

[Event "VII TCh-RUS w"]
[Site "Sochi RUS"]
[Date "2006.04.21"]
[Round "2"]
[White "Skripchenko,A"]
[Black "Vasilevich,I"]
[Result "1/2-1/2"]
[WhiteElo "2423"]
[BlackElo "2345"]
[EventDate "2006.04.20"]

1. e4 c5 2. Nf3 e6 3. g3 Nc6 4. Bg2 g6 5. d4 Bg7 6. dxc5 Qa5+ 7. c3 Qxc5 8.
Be3 Qe7 9. Na3 Nf6 10. Nb5 d5 11. Bf4 e5 12. Bg5 d4 13. O-O a6 14. Qa4 O-O
15. cxd4 Bg4 16. dxe5 axb5 17. exf6 Bxf6 18. Bxf6 Qxf6 19. Qb3 Bxf3 20.
Qxf3 Qxb2 21. Rfb1 Qe5 22. Qf4 Qd4 23. e5 Ra4 24. Qxd4 Nxd4 25. Rb2 Re8 26.
f4 Re7 27. Rd1 Kg7 28. Rbd2 Nf5 29. Bh3 Ne3 30. Rd7 Rxd7 31. Rxd7 Kf8 32.
Rxb7 Rxa2 33. Rxb5 h5 34. Rb8+ Kg7 35. Rb7 Kf8 36. Rb3 Re2 37. Rb1 Kg7 38.
Rc1 Kf8 39. Ra1 Kg7 40. Bc8 Rg2+ 41. Kh1 Rc2 42. Bh3 Re2 43. Rc1 Kf8 44.
Bc8 Kg7 45. Bb7 Ng4 46. Bg2 Ne3 47. Bf1 Nxf1 48. Rxf1 f6 49. exf6+ Kxf6 50.
Kg1 g5 51. Rf2 Re1+ 52. Kg2 h4 53. gxh4 gxf4 54. Rxf4+ Kg6 55. Ra4 Re3 56.
Ra5 Kh6 57. Rg5 Ra3 58. Rg3 Ra4 59. Kh3 1/2-1/2

[Event "VII TCh-RUS w"]
[Site "Sochi RUS"]
[Date "2006.04.21"]
[Round "2"]
[White "Mongontuul,B"]
[Black "Zaiatz,E"]
[Result "1/2-1/2"]
[WhiteElo "2378"]
[BlackElo "2417"]
[EventDate "2006.04.20"]

1. e4 e5 2. Nf3 Nc6 3. Bb5 a6 4. Ba4 Nf6 5. O-O Be7 6. Re1 b5 7. Bb3 d6 8.
c3 O-O 9. h3 Na5 10. Bc2 c5 11. d4 Nd7 12. Nbd2 cxd4 13. cxd4 Nc6 14. d5
Nb4 15. Bb1 a5 16. Nf1 Na6 17. Ng3 g6 18. Bd3 Rb8 19. Bh6 Re8 20. Rc1 Nac5
21. Bb1 b4 22. b3 Bf6 23. Qd2 Bg7 24. Bg5 f6 25. Be3 Ba6 26. Red1 Rc8 27.
Ne1 a4 28. Nd3 axb3 29. Nxb4 Bb7 30. Nc6 Qc7 31. axb3 Nxb3 32. Ne7+ Rxe7
33. Rxc7 Nxd2 34. Rxb7 Nxb1 35. Rdxb1 Kf7 36. Ra1 Bf8 37. Raa7 Nc5 38.
Rxe7+ Bxe7 39. Bxc5 Rxc5 40. Kf1 f5 41. f3 fxe4 42. fxe4 Rc4 43. Kf2 Ke8
44. Ra8+ Kf7 45. Ra7 Ke8 46. Ra8+ Kf7 1/2-1/2

[Event "VII TCh-RUS w"]
[Site "Sochi RUS"]
[Date "2006.04.21"]
[Round "2"]
[White "Nebolsina,V"]
[Black "Shaidullina,S"]
[Result "1/2-1/2"]
[WhiteElo "2274"]
[BlackElo "2293"]
[EventDate "2006.04.20"]

1. d4 d5 2. Nf3 Nf6 3. c4 e6 4. Nc3 c6 5. Bg5 Nbd7 6. cxd5 exd5 7. e3 Be7
8. Qc2 O-O 9. Bd3 Re8 10. h3 Nf8 11. Bf4 Ng6 12. Bh2 Bd6 13. Bxd6 Qxd6 14.
O-O-O b5 15. Kb1 a5 16. g4 Ba6 17. g5 Nd7 18. h4 Rec8 19. h5 Ngf8 20. g6
fxg6 21. hxg6 h6 22. Nh4 b4 23. Nf5 Bxd3 24. Qxd3 Qe6 25. Ne2 Re8 26. Neg3
Nf6 27. Nxg7 Kxg7 28. Nf5+ Kg8 29. Nxh6+ Kg7 30. Nf5+ Kg8 31. Rdg1 N8d7 32.
Nh6+ Kg7 33. Nf5+ Kg8 34. Rh4 Ne4 35. Nh6+ Kg7 36. Nf7 Ndf6 37. f3 Nd6 38.
Ne5 Qf5 39. e4 dxe4 40. fxe4 Ndxe4 41. Ka1 Rh8 42. Rxh8 Rxh8 43. Qa6 Nd7
44. Rf1 Qe6 45. Nxd7 Qxd7 46. Qxa5 Nf6 47. Qxb4 Rh4 48. Rd1 Rg4 49. a3 Rxg6
50. Qc5 Rg2 51. Re1 Nd5 52. Rf1 Nf6 53. Re1 Kf7 54. Rc1 Qb7 55. Qc3 Rf2 56.
b4 Qa7 57. Qe3 Ng4 58. Qd3 Nf6 59. Rxc6 Qe7 60. Qc4+ Kg6 61. Qd3+ Kf7 62.
Qc4+ Kg6 63. Qd3+ Kf7 1/2-1/2

[Event "VII TCh-RUS w"]
[Site "Sochi RUS"]
[Date "2006.04.21"]
[Round "2"]
[White "Kochetkova,J"]
[Black "Gromova,I"]
[Result "1-0"]
[WhiteElo "2366"]
[BlackElo "2195"]
[EventDate "2006.04.20"]

1. e4 c6 2. d4 d5 3. Nd2 dxe4 4. Nxe4 Bf5 5. Ng3 Bg6 6. Bc4 e6 7. N1e2 Bd6
8. h4 h6 9. Nf4 Bxf4 10. Bxf4 Nf6 11. Qe2 O-O 12. O-O-O b5 13. Bd3 Bxd3 14.
Qxd3 Nbd7 15. Kb1 Nb6 16. Ne4 Nxe4 17. Qxe4 Qd5 18. Qe2 Rad8 19. Rhe1 Qc4
20. Qe4 Qd5 21. Qd3 Qc4 22. Qg3 Kh7 23. Bd6 Rfe8 24. h5 Nd7 25. Re3 Qd5 26.
Be5 Nxe5 27. Rxe5 Qd6 28. Qd3+ Kg8 29. b3 Qb8 30. Rc5 Qb6 31. Qc3 Rd6 32.
f4 Rc8 33. g4 Qd8 34. g5 hxg5 35. Rxg5 Rd5 36. Rg4 Rxh5 37. d5 g6 38. d6 a6
39. Rdg1 Kh7 40. Qd3 Qf6 41. Rg5 Rh4 42. Rc5 a5 43. Rd1 a4 44. a3 axb3 45.
Qxb3 b4 46. Qxb4 Kg7 47. d7 Rd8 48. Rxc6 Rxd7 49. Rxd7 Rh1+ 50. Ka2 Ra1+
51. Kb3 Rb1+ 52. Ka4 Rxb4+ 53. axb4 Qxf4 54. Rxe6 g5 55. Rc6 g4 56. Rd3 Qe4
57. Rcc3 Kg6 58. Kb3 f5 59. b5 Kg5 60. Rc5 Kh4 61. Rc4 Qe1 62. Ka4 Qe6 63.
Kb4 Qe1+ 64. Ka4 Qe6 65. Rdc3 Qd6 66. Rc6 Qd4+ 67. Ka5 f4 68. b6 f3 69.
R3c4 Qe5+ 70. R6c5 Qe1+ 71. Ka6 f2 72. b7 f1=Q 73. b8=Q Qa1+ 74. Kb6 Qb2+
75. Rb5 Qf2+ 76. Rcc5 Qff6+ 77. Kb7 Qe7+ 78. Qc7 Qe4+ 79. Ka7 Qa1+ 80. Ra5
Qad4 1-0

[Event "VII TCh-RUS w"]
[Site "Sochi RUS"]
[Date "2006.04.22"]
[Round "3"]
[White "Vasilevich,I"]
[Black "Bronnikova,E"]
[Result "1-0"]
[WhiteElo "2345"]
[BlackElo "2271"]
[EventDate "2006.04.20"]

1. c4 e5 2. Nc3 Nc6 3. g3 g6 4. Bg2 Bg7 5. d3 d6 6. e3 Nge7 7. Nge2 O-O 8.
O-O Bg4 9. h3 Be6 10. Nd5 Qd7 11. Kh2 Nd8 12. Rb1 a5 13. b3 Nc8 14. Bb2 c6
15. Ndc3 f5 16. d4 Qc7 17. Rc1 Kh8 18. Qd2 Bg8 19. Rfd1 e4 20. d5 Nf7 21.
c5 dxc5 22. Na4 b6 23. Bxg7+ Kxg7 24. Nf4 Nfd6 25. Qb2+ Kh6 26. dxc6 Qxc6
27. Rd2 Ra7 28. Rcd1 Re7 29. h4 Nb5 30. Bf1 Nbd6 31. Nc3 b5 32. Ncd5 Bxd5
33. Rxd5 c4 34. bxc4 bxc4 35. Rxa5 c3 36. Qc2 Nc4 37. Bxc4 Qxc4 38. Nd5 Rd7
39. Qxc3 Nb6 40. Qxc4 Nxc4 41. Rc5 Nb2 42. Rf1 Rfd8 43. Nf6 Rd6 44. g4 fxg4
45. Nxe4 Re6 46. Ng5 Re7 47. Rc2 Nd1 48. Kg3 Kg7 49. Rc1 Nb2 50. Kxg4 h6
51. Rc7 Rxc7 52. Ne6+ Kf6 53. Nxc7 Rd2 54. Kg3 Na4 55. Rc1 Rxa2 56. Rc6+
Kf7 57. Nd5 Nb2 58. Rc7+ Kf8 59. Rc2 Ra5 60. Nf4 1-0

[Event "VII TCh-RUS w"]
[Site "Sochi RUS"]
[Date "2006.04.22"]
[Round "3"]
[White "Deriabina,S"]
[Black "Nebolsina,V"]
[Result "0-1"]
[WhiteElo "2101"]
[BlackElo "2274"]
[EventDate "2006.04.20"]

1. d4 d5 2. c4 c6 3. Nc3 Nf6 4. e3 a6 5. Nf3 b5 6. b3 Bg4 7. Be2 Nbd7 8.
O-O e6 9. Ne5 Bxe2 10. Qxe2 Nxe5 11. dxe5 Nd7 12. f4 Be7 13. Bb2 O-O 14.
Rad1 bxc4 15. bxc4 Nb6 16. cxd5 cxd5 17. e4 Nc4 18. Kh1 Qb6 19. Rb1 Nxb2
20. Rxb2 Qa5 21. Qd3 Rac8 22. Ne2 Rfd8 23. f5 dxe4 24. Qxe4 Qd5 25. Qf4 Rc4
26. Qf2 Bc5 27. Qg3 exf5 28. Ng1 Rd4 29. Rbb1 Rg4 30. Qf3 Qxa2 31. Ra1 Qb2
32. Rxa6 Qxe5 33. Ra8 Rxa8 34. Qxa8+ Bf8 35. Nf3 Qe2 36. Rg1 g6 37. h3 Rb4
38. Re1 Qc4 39. Qe8 Rb2 40. Ne5 Qd5 41. Nf3 Qa2 42. Rd1 Rb1 43. Rxb1 Qxb1+
44. Kh2 Qe4 45. Qb8 Qd5 46. Kg1 Kg7 47. Qb2+ f6 48. Qe2 Bc5+ 49. Kh1 Qe4
50. Qd2 g5 51. Nxg5 Qb1+ 52. Kh2 Qg1+ 53. Kg3 Qf2+ 54. Qxf2 Bxf2+ 55. Kf4
Be3+ 56. Kxe3 fxg5 57. g3 Kf6 58. Kf3 Ke5 59. Ke3 f4+ 60. Kf3 fxg3 61. Kxg3
h5 62. Kf3 Kd4 63. Kf2 Ke4 64. Ke2 Kf4 65. Kf2 h4 66. Kg2 Ke3 67. Kh1 Kf2
68. Kh2 Kf3 0-1

[Event "VII TCh-RUS w"]
[Site "Sochi RUS"]
[Date "2006.04.22"]
[Round "3"]
[White "Dolgova,O"]
[Black "Malashenko,A"]
[Result "1-0"]
[WhiteElo "2219"]
[BlackElo "2149"]
[EventDate "2006.04.20"]

1. d4 Nf6 2. c4 g6 3. g3 Bg7 4. Bg2 O-O 5. Nc3 d6 6. Nf3 c6 7. O-O h6 8. e4
Be6 9. b3 Qd7 10. e5 Ne8 11. Re1 d5 12. Qe2 Nc7 13. Be3 Nba6 14. Rac1 Bg4
15. Qd2 Kh7 16. Nh4 Bh3 17. Bh1 g5 18. Ng2 Rad8 19. cxd5 Nxd5 20. Nxd5 cxd5
21. f4 Bxg2 22. Bxg2 gxf4 23. Bxf4 f5 24. exf6 exf6 25. Re2 Rf7 26. Rce1
Nb8 27. Re6 Bf8 28. Bh3 Qb5 29. Bf5+ Kg8 30. Qd1 Qb4 31. Re8 Rxe8 32. Rxe8
Nc6 33. Be3 Re7 34. Qg4+ Rg7 35. Be6+ Kh8 36. Qd1 Rh7 37. Bxd5 Re7 38.
Rxf8+ Kg7 39. Qg4+ Kxf8 40. Qg8+ 1-0

[Event "VII TCh-RUS w"]
[Site "Sochi RUS"]
[Date "2006.04.22"]
[Round "3"]
[White "Zemlianukhina,V"]
[Black "Movsisian,N"]
[Result "0-1"]
[WhiteElo "2063"]
[BlackElo "2291"]
[EventDate "2006.04.20"]

1. e4 e6 2. d4 d5 3. Nc3 Nf6 4. Bg5 dxe4 5. Nxe4 Nbd7 6. Nf3 Be7 7. Nxf6+
Bxf6 8. Bxf6 Qxf6 9. Bd3 O-O 10. O-O e5 11. dxe5 Nxe5 12. Nxe5 Qxe5 13. c3
Be6 14. Re1 Qg5 15. Re3 Rfd8 16. Qc2 h6 17. Rae1 Rd6 18. Rg3 Qf6 19. Qe2
Bf5 20. Bxf5 Qxf5 21. Rf3 Qd5 22. h3 Re6 23. Qf1 Qxa2 24. Rxe6 Qxe6 25. Qb5
b6 26. Re3 c6 27. Qe2 Qf6 28. Rf3 Qd6 29. Rd3 Qc7 30. Rg3 Rd8 31. Qg4 g6
32. Re3 a5 33. g3 Kg7 34. Kg2 b5 35. Qh4 c5 36. Kh2 Rd2 37. Rf3 Qd6 38. b3
Rb2 39. c4 b4 40. Kg2 Ra2 41. Qe4 a4 42. Qb7 Qf8 43. bxa4 Rxa4 44. Qc6 Ra8
45. Qf6+ Kg8 46. h4 h5 47. Qc6 Rc8 48. Qb7 Rb8 49. Qc7 Re8 50. Qc6 Re6 51.
Qb5 Qa8 0-1

[Event "VII TCh-RUS w"]
[Site "Sochi RUS"]
[Date "2006.04.22"]
[Round "3"]
[White "Meleshko,Ann"]
[Black "Andreeva,A"]
[Result "1-0"]
[WhiteElo "2227"]
[BlackElo "2028"]
[EventDate "2006.04.20"]

1. d4 e6 2. c4 Bb4+ 3. Bd2 a5 4. Nf3 b6 5. g3 Bb7 6. Bg2 f5 7. O-O Bxd2 8.
Nbxd2 Nf6 9. Qc2 O-O 10. Rfd1 Ne4 11. Ne5 d5 12. Ndf3 Na6 13. a3 Qe7 14.
cxd5 exd5 15. Nc6 Bxc6 16. Qxc6 Qd6 17. Rac1 Rf6 18. Qxa8+ 1-0